Demografía

Salvato in:
Dettagli Bibliografici
Autore principale: Henry, Louis (Autore)
Natura: Libro
Lingua:spagnolo
Pubblicazione: Barcelona Labor 1976
Edizione:1a. ed
Serie:Labor Universitaria Manuales
Soggetti:
Tags: Aggiungi Tag
Nessun Tag, puoi essere il primo ad aggiungerne!!

MARC

LEADER 00000nam a2200000 a 4500
001 UCK4995
003 CL-VaPUC
008 050708e19760000SP |||||||||||||||||spa|d
020 |a 8435517015 
082 0 4 |a 304.6  |b HEN  |2 21 
100 |a Henry, Louis  |e author  |9 548879 
245 1 0 |a Demografía 
250 |a 1a. ed 
300 |a 349 p 
942 |c BK 
945 |d 20050708 00:00:00  |a cmena 
260 |a Barcelona  |b Labor  |c 1976 
650 0 |a Demografía   |9 260008 
650 0 |a Interpretación de datos  |9 411621 
650 0 |a Población  |9 257577 
650 0 |a Migración   |9 331531 
650 0 |a Estadística aplicada  |9 270522 
583 |a last modification  |c 20050708 00:00:00  |k Rodrigo Vera 
490 0 |a Labor Universitaria Manuales 
999 |c 313694  |d 313692 
952 |0 0  |1 0  |4 0  |6 304_600000000000000_HEN_1976  |7 0  |8 A  |9 385180  |a BIBGIM  |b BIBGIM  |d 2019-11-22  |i 4144473  |o 304.6 HEN 1976  |p 4144473  |r 2025-01-15  |w 2019-11-22  |y BK  |k GIM